00305nam a22001217a 450000500170000000800410001704100120005808200120007010000130008224500300009530000330012565000250015820240805070632.0240805b |||||||| |||| 00| 0 eng d aEnglish a349 SOU lEnglish  aSouth African Law Reports blxxxvi, 666 pages; c25 cm.  aLegal practice bLaw